000 01364naa a22003377a 4500
001 BR8101672
003 BR-BrBNA
005 20250716171003.0
007 ta
008 250630b bl.|||m| |||| 00| 0 por d
040 _aBR-BrBNA
_bpor
_cBiblioteca Nacional de Agricultura
041 _a(Pt)
072 _aF25
_b1950
_b1951
_b3830
_bG514
090 _aF25 BR8101672
100 1 _aMacedo, W.
100 1 _aGoncalves, J.O.N.
100 1 _aGirardi-Diero, A.M.
245 1 _aMelhoramento do campo natural com fertilizantes e leguminosas "fase inicial" [Trifolium repens; Rio Grande do Sul; Brasil]
246 1 _a[Natural field improvement with fertilizers and legumes "Initial phase" [Trifolium repens; Rio Grande do Sul; Brzil]]
246 1 _a[Pastures manuring and soil fertility]
500 _aPastagens adubacao e fertilidade do solo Bage, RS (Brasil): 1980. p. 88-115 [9 tables; Summary (Pt)] (BR8101672-AMS)
773 0 _tPastagens adubacao e fertilidade do solo
_wF25 BR8101672
_gBage, RS (Brasil), 1980. p. 88-115
650 _aFertilidade do solo
650 _aLeguminosa
650 _aTrevo branco
650 _aFertilizante fosfatado
650 _aRio Grande do Sul
490 _aMiscelanea - Unidade de Execucao de Pesquisa de Ambito Estadual de Bage (Brazil)
_vno. 2
942 _cAMS
_2AGRIS
909 _a202506
_bLúcia
_c55
_dLúcia Elande
999 _c333695
_d333695